000 00774cam a22002533a 4500
001 11107
003 PGUSA
005 20140828083232.0
008 040201s2004||||xxu|||||s|||||000 1 eng d
040 _aPGUSA
_beng
042 _adc
050 4 _aPZ
100 1 _aMalan, César,
_d1787-1864
245 1 0 _aTheobald, the Iron-Hearted :
_bOr, Love to Enemies
_h[electronic resource] /
_cCésar Malan
260 _bProject Gutenberg,
_c2004
506 _aPublic domain in the USA.
516 _aElectronic text
653 _aChristian life -- Juvenile fiction
653 _aKindness -- Juvenile fiction
653 _aLove -- Religious aspects -- Juvenile fiction
830 0 _aProject Gutenberg
_v11107
856 4 0 _uhttp://www.gutenberg.org/ebooks/11107
942 _cEB
999 _c240362
_d240362